Artesanía y prevaricación del castellano : (Record no. 17062)

000 -CABECERA
fixed length control field 00812nam a22002057a 4500
003 - IDENTIFICADOR DEL NÚMERO DE CONTROL
control field AR-CdUCM
008 - DATOS DE LONGITUD FIJA--INFORMACIÓN GENERAL
fixed length control field 190507b ||||| |||| 00| 0 spa d
040 ## - FUENTE DE LA CATALOGACIÓN
Agencia/entidad que catalogó originalmente la obra MUNICIPALIDAD PROVINCIAL DEL CUSCO
Entidad que transcribió la catalogación BIBLIOTECA MUNICIPAL DEL CUSCO
082 ## - NÚMERO DE LA CLASIFICACIÓN DECIMAL DEWEY
No. de Clasificación 462 /
Notacion interna H56
100 ## - ENTRADA PRINCIPAL--NOMBRE DE PERSONA
Nombre Personal Herrero Mayor, Avelino
245 ## - MENCIÓN DE TÍTULO
Título Artesanía y prevaricación del castellano :
Resto del título Ensayos filosóficos /
260 ## - PUBLICACIÓN, DISTRIBUCIÓN, ETC.
Lugar de publicación, distribución, etc. Buenos Aires :
Nombre de la editorial, distribuidor, etc. M. Gleizer,
Fecha de publicación, distribución, etc. 1562.
300 ## - DESCRIPCIÓN FÍSICA
Nº de Páginas Extensión 170 paginas :
Dimensiones 16 cm.
505 ## - NOTA DE CONTENIDO CON FORMATO
Nota de contenido formateada Contenido :Del reino de Germanía a las aulas secundarias --El aforismo de Bolieau y los prevaricadores del buen lenguaje --Las cualidades distintivas de la expresión corriente ...
650 ## - PUNTO DE ACCESO ADICIONAL DE MATERIA--TÉRMINO DE MATERIA
Descriptor Filosofía
9 (RLIN) 395
650 ## - PUNTO DE ACCESO ADICIONAL DE MATERIA--TÉRMINO DE MATERIA
Descriptor Ensayos
9 (RLIN) 375
650 ## - PUNTO DE ACCESO ADICIONAL DE MATERIA--TÉRMINO DE MATERIA
Descriptor Aforismo
9 (RLIN) 36885
942 ## - ELEMENTOS DE PUNTO DE ACCESO ADICIONAL (KOHA)
Fuente de clasificación
Tipo de item Libros-BMC
945 ## - PROCESAMIENTO DE INFORMACIÓN LOCAL (OCLC)
Catalogador rjall
AAAA-MM-DD - Fecha de ingreso o modificacion 2019-05-07
Holdings
Estado de retiro (separado) Fuente de clasificación o esquema de estanterías Estado dañado Ubicación Sala donde se ubica Nombre de la colección Fecha de adquisición o compra Costo, precio normal en soles Signatura topográfica Código de Barras Última vez visto (Koha) Tipo de ítem (Koha)
No     Sala Humanidades Sala Humanidades Book Cart 2019-05-07 25.00 462 / H56 SH0000012301 2019-05-07 Libros-BMC

Powered by Koha